Statistics for Airline Companies Countries

Click here to take the quiz!

General Stats

  • This quiz has been taken 183 times
  • The average score is 19 of 26

Answer Stats

CompaniesCoutries% Correct
EmiratesUnited Arab Emirates
97%
QantasAustralia
96%
LufthansaGermany
96%
All NipponJapan
94%
DeltaUnited States
94%
KLMNetherlands
93%
IberiaSpain
91%
RyanairIreland
90%
AeroflotRussia
86%
EasyJetUnited Kingdom
85%
Royal Air MarocMorocco
82%
Cathay PacificChina
79%
AegeanGreece
76%
TAPPortugal
74%
Gulf AirBahrain
68%
WestJetCanada
63%
AsianaSouth Korea
62%
Cebu PacificPhilippines
61%
TAMBrazil
59%
LANChile
55%
AviancaColombia
55%
Eva airTaiwan
50%
CopaPanama
49%
AdriaSlovenia
43%
TAAGAngola
38%
SmartwingsCzech Republic
29%

Score Distribution

Percentile by Number Answered

Percent of People with Each Score

Your Score History

You have not taken this quiz